000 00999nam a2200229Ii 4500
003 JO-AjNU
008 230605s9999||||xx |||||||||||||| ||und||
017 _a2011/6/2388
020 _a978-9957-07-951-2
040 _aJO-AjNU
_bara
_erda
_cJO-AjNU
041 _aara
050 1 4 _aLC1201.B7912 2012
100 3 _aإسماعيل،محمد مترجم/Bryant, Diane Pedrottyمؤلف/Smith, Deborah Deutsch م.مشارك/Bryant, Brian م.مشارك,
_eauthor
_942945
245 0 0 _aتعليم الطلبة ذوي الإحتياجات الخاصة في صفوف الدمج = Teaching Students With Special Needs in Inclusive Classrooms
250 _aط1
264 3 1 _aعمان:دار الفكر،2012
300 _a797ص
336 _atext
_btxt
_2rdacontent
337 _aunmediated
_bn
_2rdamedia
338 _avolume
_bnc
_2rdacarrier
650 4 _aالفئات الخاصة-تعليم. علم النفس التربوي-التعليم الشامل-الولايات المتحدة.
_942946
999 _aA18426
_c21994
_d21994